<?xml version="1.0" encoding="UTF-8"?>
<record
    xmlns:xsi="http://www.w3.org/2001/XMLSchema-instance"
    xsi:schemaLocation="http://www.loc.gov/MARC21/slim http://www.loc.gov/standards/marcxml/schema/MARC21slim.xsd"
    xmlns="http://www.loc.gov/MARC21/slim">

  <leader>02214cam a2200205 a 4500</leader>
  <datafield tag="999" ind1=" " ind2=" ">
    <subfield code="c">4375</subfield>
    <subfield code="d">4375</subfield>
  </datafield>
  <datafield tag="020" ind1=" " ind2=" ">
    <subfield code="a">0521461103</subfield>
  </datafield>
  <datafield tag="022" ind1=" " ind2=" ">
    <subfield code="a">9780521461108</subfield>
  </datafield>
  <datafield tag="050" ind1="0" ind2="0">
    <subfield code="a">HG3997.55</subfield>
    <subfield code="b">.G58 </subfield>
  </datafield>
  <datafield tag="100" ind1=" " ind2=" ">
    <subfield code="a">Reuven Glick</subfield>
  </datafield>
  <datafield tag="245" ind1="0" ind2="0">
    <subfield code="a">Exchange rate policy and interdependence :</subfield>
    <subfield code="b">perspectives from the Pacific basin /</subfield>
    <subfield code="c">edited by Reuven Glick, Michael M. Hutchison.</subfield>
  </datafield>
  <datafield tag="260" ind1=" " ind2=" ">
    <subfield code="a">Cambridge [England] ;</subfield>
    <subfield code="a">New York :</subfield>
    <subfield code="b">Cambridge University Press,</subfield>
    <subfield code="c">1994.</subfield>
  </datafield>
  <datafield tag="300" ind1=" " ind2=" ">
    <subfield code="a">x, 375 p. :</subfield>
    <subfield code="b">ill. ;</subfield>
    <subfield code="c">24 cm.</subfield>
  </datafield>
  <datafield tag="500" ind1=" " ind2=" ">
    <subfield code="a">Essays originally prepared for a conference sponsored by the Center for Pacific Basin Monetary and Economic Studies at the Federal Reserve Bank of San Francisco, held Sept. 16-18, 1992.</subfield>
  </datafield>
  <datafield tag="505" ind1=" " ind2=" ">
    <subfield code="a">Financial links around the Pacific Rim : 1982-1992 / Menzie D. Chinn and Jeffrey A. Frankel --
Relative returns on equities in Pacific Basin countries / Charles Engel and John H. Rogers --
Exchange rate policy, international capital mobility, and monetary policy instruments / Michael P. Dooley and Donald J. Mathieson --
Exchange rate management : a partial review / Stephen J. Turnovsky --
Exchange rate policy and insulation from external shocks : the cases of Korea and Taiwan, 1970-1990 / Ramon Moreno --
Trade price shocks and insulation : Australia's experience with floating rates / John Pitchford --
The role of the exchange rate in New Zealand monetary policy / Arthur Grimes and Jason Wong --
Officially floating, implicitly targeted exchange rates : examples from the Pacific Basin / Helen Popper and Julia Lowell --
Monetary policy, intervention, and exchange rates in Japan / Reuven Glick and Michael M. Hutchison --
The signaling effect of foreign exchange intervention : the case of Japan / Tsutomu Watanabe --
Sterilization of the monetary effects of current account surpluses and its consequences : Korea, 1986-1990 / Sung Y. Kwack --
On the possibility of a yen bloc / Takatoshi Ito --
Economic fundamentals and a yen currency area for Asian Pacific Rim countries / Michael Melvin, Michael Ormiston, and Bettina Peiers.</subfield>
  </datafield>
  <datafield tag="650" ind1=" " ind2="0">
    <subfield code="a">Foreign exchange</subfield>
    <subfield code="x">Government policy</subfield>
    <subfield code="x">Congresses.</subfield>
  </datafield>
  <datafield tag="650" ind1=" " ind2="0">
    <subfield code="a">Monetary policy</subfield>
    <subfield code="x">Congresses.</subfield>
  </datafield>
  <datafield tag="700" ind1="1" ind2=" ">
    <subfield code="a">Glick, Reuven.</subfield>
  </datafield>
  <datafield tag="700" ind1="1" ind2=" ">
    <subfield code="a">Hutchison, Michael M.</subfield>
  </datafield>
  <datafield tag="942" ind1=" " ind2=" ">
    <subfield code="c">BK</subfield>
  </datafield>
  <datafield tag="952" ind1=" " ind2=" ">
    <subfield code="0">0</subfield>
    <subfield code="1">0</subfield>
    <subfield code="4">0</subfield>
    <subfield code="7">0</subfield>
    <subfield code="8">REF</subfield>
    <subfield code="a">MUCGM</subfield>
    <subfield code="b">MUCGM</subfield>
    <subfield code="c">GEN</subfield>
    <subfield code="d">2008-09-11</subfield>
    <subfield code="l">0</subfield>
    <subfield code="o">HG3997.55 .G58</subfield>
    <subfield code="p">13516</subfield>
    <subfield code="r">2018-09-11 00:00:00</subfield>
    <subfield code="w">2018-09-11</subfield>
    <subfield code="y">BK</subfield>
  </datafield>
</record>
